000
00320nam a2200133Ia 4500
008
240624s9999 xx 000 0 und d
041
_a
eng
082
_a
658.8 GRO
100
_a
GROSS ANDREW C
245
_a
BUSINESS MARKETING
260
_c
2000
_a
Delhi
_b
A.I.T.B.S.
300
_a
xxi, : 763 : p. : cm. ; 24
365
_c
RS
999
_c
1472
_d
1472